[Event "Mitropa Cup 26th"]
[Site "Szeged"]
[Date "2007.05.12"]
[Round "5"]
[White "Le Roux, Jean Pierre"]
[Black "Mogranzini, Roberto"]
[Result "1-0"]
[WhiteElo "2447"]
[BlackElo "2421"]
[PlyCount "177"]
[EventDate "2007.05.08"]
[EventType "team-tourn"]
[EventRounds "9"]
[EventCountry "HUN"]
[Source "ChessBase"]
[SourceDate "2007.07.04"]

1. d4 Nf6 2. Nf3 g6 3. c4 Bg7 4. g3 O-O 5. Bg2 d6 6. Nc3 Nc6 7. O-O Bf5 8. d5
Na5 9. Nd4 Bd7 10. b3 c5 11. dxc6 Nxc6 12. Bb2 Qa5 13. Rc1 Rac8 14. e3 a6 15.
Qe2 Rfe8 16. Rfd1 Bg4 17. Nxc6 bxc6 18. f3 Be6 19. Na4 c5 20. Bc3 Qc7 21. Qe1
Rb8 22. Ba5 Qa7 23. g4 h6 24. h4 Bd7 25. Nc3 Bc6 26. g5 Nh5 27. Rc2 Qd7 28. f4
Bxg2 29. Rxg2 e5 30. gxh6 Bxh6 31. Qe2 Kh7 32. f5 Qxf5 33. Nd5 Rb7 34. Rf1 Qh3
35. Be1 Qe6 36. Qf3 Ra7 37. Ba5 Rf8 38. Bb6 e4 39. Qe2 Rb7 40. Ba5 f5 41. Bc3
Rbf7 42. Bd2 Bg7 43. Nf4 Nxf4 44. exf4 Bd4+ 45. Be3 Qf6 46. Rd1 Kg8 47. h5 Rg7
48. hxg6 Bxe3+ 49. Qxe3 Rxg6 50. Rxg6+ Qxg6+ 51. Kf2 Kf7 52. Qd2 Ke7 53. Qd5
Rd8 54. Qb7+ Rd7 55. Qb8 Qh5 56. Rg1 Qf3+ 57. Ke1 Qe3+ 58. Kf1 Qxf4+ 59. Ke2
Qf3+ 60. Ke1 Qe3+ 61. Kf1 Qd3+ 62. Kg2 Qf3+ 63. Kh2 Qh5+ 64. Kg2 Ke6 65. Qc8
Qe2+ 66. Kh1 Qh5+ 67. Kg2 f4 68. Qg8+ Ke7 69. Rh1 Qe2+ 70. Kh3 Qf3+ 71. Kh2
Qf2+ 72. Kh3 Qf3+ 73. Kh2 Qf2+ 74. Kh3 Qe3+ 75. Kh4 f3 76. Kg4 Kf6 77. Qf8+ Rf7
78. Qxd6+ Kg7 79. Qe5+ Kg6 80. Qh5+ Kg7 81. Qh8+ Kg6 82. Qh5+ Kg7 83. Qh7+ Kf6
84. Qf5+ Ke7 85. Qe5+ Kd7 86. Rd1+ Qd3 87. Rxd3+ exd3 88. Qd5+ Ke8 89. Qxd3 1-0

[Event "Mitropa Cup 26th"]
[Site "Szeged"]
[Date "2007.05.12"]
[Round "5"]
[White "Meier, Georg"]
[Black "Simacek, Pavel"]
[Result "1/2-1/2"]
[WhiteElo "2506"]
[BlackElo "2495"]
[PlyCount "106"]
[EventDate "2007.05.08"]
[EventType "team-tourn"]
[EventRounds "9"]
[EventCountry "HUN"]
[Source "ChessBase"]
[SourceDate "2007.07.04"]

1. e4 e5 2. Nf3 Nc6 3. Bb5 a6 4. Bxc6 dxc6 5. O-O f6 6. d4 Bg4 7. c3 Bd6 8. Be3
Qe7 9. Nbd2 O-O-O 10. dxe5 Bxe5 11. h3 Bh5 12. Qc2 Nh6 13. Nxe5 fxe5 14. f3 Bf7
15. Rad1 Be6 16. Nb3 b6 17. Nc1 Nf7 18. Rxd8+ Rxd8 19. Rd1 Rxd1+ 20. Qxd1 c5
21. Qe2 Kb7 22. c4 Nd8 23. b3 Nc6 24. Nd3 Bf7 25. Qb2 Qd6 26. Qc3 Nd4 27. Kf1
b5 28. cxb5 axb5 29. Nxc5+ Kb6 30. b4 Bc4+ 31. Kf2 Ka7 32. Qa3+ Kb8 33. Qa5 Nc2
34. Qa6 Qxa6 35. Nxa6+ Kb7 36. Nc5+ Kc6 37. Bd2 Kd6 38. Bc3 g6 39. Nb7+ Ke6 40.
Nc5+ Kd6 41. Nb7+ Ke6 42. Na5 Bxa2 43. Nc6 Kd6 44. Nxe5 Nxb4 45. Bxb4+ Kxe5 46.
Ke3 h5 47. f4+ Kf6 48. g4 hxg4 49. hxg4 Be6 50. Bc3+ Kf7 51. f5 Bc8 52. Bb4 Bb7
53. Bc5 Bc6 1/2-1/2

[Event "Mitropa Cup 26th"]
[Site "Szeged"]
[Date "2007.05.12"]
[Round "5"]
[White "Nemeth, Miklos"]
[Black "Kreisl, Robert"]
[Result "1/2-1/2"]
[WhiteElo "2413"]
[BlackElo "2289"]
[PlyCount "77"]
[EventDate "2007.05.08"]
[EventType "team-tourn"]
[EventRounds "9"]
[EventCountry "HUN"]
[Source "ChessBase"]
[SourceDate "2007.07.04"]

1. e4 c5 2. Nf3 Nc6 3. d4 cxd4 4. Nxd4 Nf6 5. Nc3 d6 6. Nb3 e6 7. Be3 Be7 8.
Bd3 O-O 9. O-O d5 10. exd5 exd5 11. Qd2 Ne5 12. Rad1 Bg4 13. f3 Nxd3 14. Qxd3
Be6 15. Rfe1 Re8 16. Nd4 Bc5 17. Bg5 Bf5 18. Qxf5 Rxe1+ 19. Rxe1 Bxd4+ 20. Kf1
Bxc3 21. bxc3 Qc8 22. Qd3 Qc7 23. Bxf6 gxf6 24. h3 Rc8 25. Qxd5 Qc4+ 26. Qxc4
Rxc4 27. Rb1 Ra4 28. Rb2 b5 29. Rxb5 Rxa2 30. Rb7 Rxc2 31. Rxa7 Rxc3 32. Kf2
Rc2+ 33. Kg3 Kg7 34. h4 Rc4 35. Ra5 h6 36. h5 Rb4 37. Rf5 Ra4 38. Rf4 Ra5 39.
Kh4 1/2-1/2

[Event "Mitropa Cup 26th"]
[Site "Szeged"]
[Date "2007.05.12"]
[Round "5"]
[White "Petr, Martin"]
[Black "Brener, Ilja"]
[Result "0-1"]
[WhiteElo "2443"]
[BlackElo "2413"]
[PlyCount "82"]
[EventDate "2007.05.08"]
[EventType "team-tourn"]
[EventRounds "9"]
[EventCountry "HUN"]
[Source "ChessBase"]
[SourceDate "2007.07.04"]

1. e4 e5 2. f4 Bc5 3. Nf3 d6 4. Bc4 Nf6 5. d3 Nc6 6. Nc3 Bg4 7. Na4 O-O 8. Nxc5
dxc5 9. O-O Qd6 10. f5 Nd4 11. a3 b5 12. Ba2 c4 13. Bg5 Rfd8 14. Kh1 Rd7 15.
Bxf6 Qxf6 16. Rc1 Rad8 17. Qe1 Bxf3 18. gxf3 Qh6 19. Qf2 g6 20. Rce1 cxd3 21.
cxd3 Qf4 22. Qg2 Kg7 23. Rc1 c6 24. Rc5 f6 25. fxg6 hxg6 26. Qg3 Qe3 27. f4
exf4 28. Qxf4 Qxf4 29. Rxf4 Re7 30. Rf2 g5 31. Kg2 Kg6 32. Kg3 Rh8 33. h3 Reh7
34. Rh2 Rh4 35. e5 f5 36. e6 Kf6 37. Rc1 f4+ 38. Kg2 f3+ 39. Kf2 Rxh3 40. Rxh3
Rxh3 41. Ke3 Nf5+ 0-1

[Event "Mitropa Cup 26th"]
[Site "Szeged"]
[Date "2007.05.12"]
[Round "5"]
[White "Pinter, Erik"]
[Black "Loetscher, Roland"]
[Result "1-0"]
[WhiteElo "2394"]
[BlackElo "2386"]
[PlyCount "131"]
[EventDate "2007.05.08"]
[EventType "team-tourn"]
[EventRounds "9"]
[EventCountry "HUN"]
[Source "ChessBase"]
[SourceDate "2007.07.04"]

1. e4 c5 2. Nf3 d6 3. d4 cxd4 4. Nxd4 Nf6 5. Nc3 g6 6. Be3 Bg7 7. f3 Nc6 8. Qd2
O-O 9. O-O-O d5 10. Kb1 Nxd4 11. e5 Nf5 12. exf6 Bxf6 13. Nxd5 Qxd5 14. Qxd5
Nxe3 15. Qd2 Nxd1 16. Qxd1 Be6 17. Bb5 a6 18. Ba4 Rfd8 19. Qe2 Rd4 20. Bb3 Bxb3
21. axb3 Rad8 22. g4 Bh4 23. Qe3 R8d5 24. f4 e6 25. f5 exf5 26. gxf5 Kg7 27.
Rf1 Rd7 28. fxg6 hxg6 29. Qe5+ f6 30. Qe8 f5 31. Rg1 Rf7 32. Qe6 Bf6 33. Ka2
Rf4 34. Qe3 Re4 35. Qf3 Be5 36. h3 Bd4 37. Rd1 a5 38. c3 Bc5 39. Rd2 b6 40. Rd8
Rfe7 41. Qd1 Re8 42. Qd7+ Kf8 43. b4 axb4 44. cxb4 Be3 45. Qd6+ Kf7 46. Qd5+
Kf6 47. Qc6+ R8e6 48. Qc3+ Kg5 49. Qe1 Re8 50. Rd6 R8e6 51. Rd3 Kf6 52. Qc3+
Kg5 53. Qh8 Rxb4 54. Qd8+ Kh5 55. Rd7 Bh6 56. Rh7 g5 57. Qf8 Ra4+ 58. Kb3 Rae4
59. Qxf5 Re7 60. Rh8 Rf4 61. Qd5 Re3+ 62. Ka2 Kg6 63. Qc6+ Rf6 64. Rxh6+ Kxh6
65. Qxf6+ Kh5 66. Qf5 1-0

[Event "Mitropa Cup 26th"]
[Site "Szeged"]
[Date "2007.05.12"]
[Round "5"]
[White "Ragger, Markus"]
[Black "Hoang, Thanh Trang"]
[Result "1-0"]
[WhiteElo "2498"]
[BlackElo "2472"]
[PlyCount "125"]
[EventDate "2007.05.08"]
[EventType "team-tourn"]
[EventRounds "9"]
[EventCountry "HUN"]
[Source "ChessBase"]
[SourceDate "2007.07.04"]

1. e4 e6 2. d4 d5 3. Nc3 Bb4 4. e5 c5 5. a3 Bxc3+ 6. bxc3 Qa5 7. Bd2 Qa4 8. Qg4
g6 9. Bd3 c4 10. Be2 Qxc2 11. Nf3 Nc6 12. O-O f5 13. Qg5 Nce7 14. Bd1 Qe4 15.
Bf4 h6 16. Qh4 Kf8 17. g3 g5 18. Nxg5 hxg5 19. Qxh8 gxf4 20. Bh5 Bd7 21. Rae1
Qc2 22. gxf4 Be8 23. Re3 Bxh5 24. Qxh5 Qa4 25. Rg3 Qe8 26. Qg5 Qf7 27. Kh1 Ke8
28. Rfg1 Kd7 29. Qh4 Rf8 30. Rg7 Qe8 31. Rh7 Rf7 32. Rh8 b5 33. Qh5 Rf8 34.
Qxe8+ Rxe8 35. h4 a5 36. h5 Rc8 37. Rb1 Kc6 38. Kg2 Rb8 39. Kf3 b4 40. axb4
axb4 41. Rxb4 Rxb4 42. cxb4 Kb5 43. Ke3 c3 44. h6 Nxh6 45. Rxh6 Nc6 46. Kd3 c2
47. Kxc2 Kc4 48. Kb2 Nxd4 49. Ka3 Nb5+ 50. Ka4 Nc3+ 51. Ka5 d4 52. Rxe6 d3 53.
Rc6+ Kd4 54. Rd6+ Nd5 55. e6 d2 56. e7 d1=Q 57. e8=Q Qa1+ 58. Qa4 Qe1 59. Rxd5+
Kxd5 60. Qb5+ Kd4 61. Qe5+ Qxe5+ 62. fxe5 Kxe5 63. b5 1-0

[Event "Mitropa Cup 26th"]
[Site "Szeged"]
[Date "2007.05.12"]
[Round "5"]
[White "Saric, Ante"]
[Black "Borisek, Jure"]
[Result "1-0"]
[WhiteElo "2496"]
[BlackElo "2519"]
[PlyCount "75"]
[EventDate "2007.05.08"]
[EventType "team-tourn"]
[EventRounds "9"]
[EventCountry "HUN"]
[Source "ChessBase"]
[SourceDate "2007.07.04"]

1. d4 Nf6 2. c4 g6 3. Nc3 d5 4. cxd5 Nxd5 5. Bd2 Bg7 6. e4 Nb6 7. Be3 O-O 8. h3
f5 9. exf5 Bxf5 10. Nf3 Nc6 11. Qb3+ Kh8 12. d5 Ne5 13. Nxe5 Bxe5 14. g4 Bd7
15. Rd1 Qe8 16. Bg2 e6 17. O-O Nxd5 18. Nxd5 exd5 19. Rde1 Qf7 20. Bxd5 Qf6 21.
Bxb7 Rad8 22. Bc5 Rfe8 23. Re4 Bc6 24. Bxc6 Qxc6 25. Rc4 Qd5 26. Bxa7 Rf8 27.
Rc2 Qa8 28. Qb5 Rde8 29. Re2 c6 30. Qc5 Bg7 31. Rxe8 Rxe8 32. b4 Rd8 33. Qa5
Rd5 34. Qc7 Be5 35. Qf7 Rd3 36. Be3 Ra3 37. Qe7 Bg7 38. Rd1 1-0

[Event "Mitropa Cup 26th"]
[Site "Szeged"]
[Date "2007.05.12"]
[Round "5"]
[White "Skoberne, Jure"]
[Black "Doric, Darko"]
[Result "1/2-1/2"]
[WhiteElo "2440"]
[BlackElo "2482"]
[PlyCount "82"]
[EventDate "2007.05.08"]
[EventType "team-tourn"]
[EventRounds "9"]
[EventCountry "HUN"]
[Source "ChessBase"]
[SourceDate "2007.07.04"]

1. e4 c5 2. c3 d5 3. exd5 Qxd5 4. d4 Nf6 5. Nf3 e6 6. Be2 Nc6 7. O-O cxd4 8.
cxd4 Be7 9. Nc3 Qd6 10. Nb5 Qd8 11. Bf4 Nd5 12. Bg3 a6 13. Nc3 O-O 14. Rc1 Nf6
15. a3 b6 16. Bc4 Bb7 17. Ba2 Rc8 18. Qd3 Nh5 19. Rfd1 Nxg3 20. hxg3 Bf6 21. d5
exd5 22. Nxd5 Ne5 23. Rxc8 Bxc8 24. Nxe5 Bxe5 25. Qe3 Re8 26. Rd2 Kf8 27. Nxb6
Qc7 28. Nxc8 Qc1+ 29. Kh2 Bxg3+ 30. Qxg3 Qxd2 31. Qd6+ Qxd6+ 32. Nxd6 Re2 33.
Nc4 Rxf2 34. Bb1 h5 35. Kg3 Rf6 36. b4 g5 37. a4 Rf4 38. Bd3 h4+ 39. Kh3 Rd4
40. Be2 Re4 41. Bd3 Rd4 1/2-1/2

[Event "Mitropa Cup 26th"]
[Site "Szeged"]
[Date "2007.05.12"]
[Round "5"]
[White "Smolen, Jan"]
[Black "Zueger, Beat"]
[Result "1-0"]
[WhiteElo "2327"]
[BlackElo "2415"]
[PlyCount "75"]
[EventDate "2007.05.08"]
[EventType "team-tourn"]
[EventRounds "9"]
[EventCountry "HUN"]
[Source "ChessBase"]
[SourceDate "2007.07.04"]

1. e4 e6 2. d4 d5 3. Nc3 Nf6 4. e5 Nfd7 5. f4 c5 6. Nf3 Nc6 7. Ne2 Be7 8. c3
O-O 9. g3 cxd4 10. cxd4 f5 11. Bh3 Nb6 12. O-O Bd7 13. g4 Rc8 14. gxf5 exf5 15.
Kh1 Be6 16. Rg1 Qd7 17. a3 a5 18. b3 a4 19. b4 Na7 20. Ra2 Nb5 21. Qe1 Qc6 22.
Qg3 g6 23. Nh4 Qe8 24. Ng2 Qc6 25. Nh4 Qe8 26. Bf1 Rxc1 27. Nxc1 Nxd4 28. Nxg6
hxg6 29. Qe3 Nb3 30. Rag2 d4 31. Rxg6+ Qxg6 32. Rxg6+ Kf7 33. Qg3 Nxc1 34. Rxe6
Kxe6 35. Qg6+ Bf6 36. Bh3 d3 37. Qxf5+ Ke7 38. Qe6+ 1-0

[Event "Mitropa Cup 26th"]
[Site "Szeged"]
[Date "2007.05.12"]
[Round "5"]
[White "Varga, Zoltan"]
[Black "Neubauer, Martin"]
[Result "0-1"]
[WhiteElo "2499"]
[BlackElo "2474"]
[PlyCount "98"]
[EventDate "2007.05.08"]
[EventType "team-tourn"]
[EventRounds "9"]
[EventCountry "HUN"]
[Source "ChessBase"]
[SourceDate "2007.07.04"]

1. c4 Nf6 2. Nc3 c5 3. Nf3 Nc6 4. d4 cxd4 5. Nxd4 e6 6. a3 Bc5 7. Nb3 Be7 8. e4
O-O 9. Be2 d6 10. Be3 b6 11. Nd4 Bb7 12. Nxc6 Bxc6 13. f3 d5 14. cxd5 exd5 15.
exd5 Nxd5 16. Nxd5 Bxd5 17. O-O Bf6 18. Bd4 Be6 19. Bxf6 Qxf6 20. Qd2 Rfd8 21.
Qc3 Qxc3 22. bxc3 Rd2 23. Ba6 Rad8 24. Rfe1 Kf8 25. c4 R8d6 26. a4 Rb2 27. Rab1
Ra2 28. Ra1 Rxa1 29. Rxa1 Rc6 30. a5 Bxc4 31. Bxc4 Rxc4 32. axb6 axb6 33. Ra7
g5 34. Rb7 Rb4 35. Kf2 h5 36. Kg3 Kg7 37. h4 gxh4+ 38. Kh3 Kg6 39. Rb8 b5 40.
Rg8+ Kf6 41. Rh8 Rd4 42. Rxh5 b4 43. g3 hxg3 44. Kxg3 Ke6 45. Rb5 Kd6 46. Rf5
b3 47. Rf6+ Kc5 48. Rf5+ Kc4 49. Rxf7 b2 0-1

[Event "Mitropa Cup 26th"]
[Site "Szeged"]
[Date "2007.05.13"]
[Round "6"]
[White "Borgo, Giulio"]
[Black "Brener, Ilja"]
[Result "1-0"]
[WhiteElo "2418"]
[BlackElo "2413"]
[PlyCount "127"]
[EventDate "2007.05.08"]
[EventType "team-tourn"]
[EventRounds "9"]
[EventCountry "HUN"]
[Source "ChessBase"]
[SourceDate "2007.07.04"]

1. Nf3 Nf6 2. d4 e6 3. e3 b6 4. Bd3 Bb7 5. O-O d5 6. c4 Bd6 7. Nc3 O-O 8. Qe2
Ne4 9. Nb5 Be7 10. Nd2 Nd7 11. Rd1 Ndf6 12. Nxe4 dxe4 13. Bc2 Qb8 14. b3 a6 15.
Ba3 c5 16. Nc3 Re8 17. Bb2 Bd6 18. g3 Qc7 19. Rd2 cxd4 20. exd4 Bb4 21. Rdd1
Bxc3 22. Bxc3 Qc6 23. Rac1 e3 24. f3 b5 25. Bd3 bxc4 26. bxc4 Qxf3 27. Qxf3
Bxf3 28. Re1 e2 29. Kf2 Bg4 30. Kg2 Rec8 31. h3 Bh5 32. g4 Bg6 33. Bxe2 Rab8
34. Kf3 Ne4 35. Ke3 Nd6 36. c5 Nb5 37. Ba5 h5 38. Bb6 Nc7 39. Bxc7 Rxc7 40.
gxh5 Bf5 41. Bg4 Bxg4 42. hxg4 Rb4 43. Rc3 f6 44. Kd3 Kf7 45. Rc4 Rb2 46. Rc2
Rb4 47. a3 Rb3+ 48. Rc3 Rb2 49. Rc2 Rb3+ 50. Rc3 Rb2 51. Re2 Rb1 52. Kc4 Rg1
53. Re4 Rd1 54. Ree3 Rg1 55. Rg3 Rd1 56. g5 fxg5 57. Rcf3+ Kg8 58. Rxg5 Kh7 59.
Re5 Rd7 60. Rd3 Rc1+ 61. Rc3 Rd1 62. Re4 Kh6 63. Rxe6+ Kxh5 64. Rd6 1-0

[Event "Mitropa Cup 26th"]
[Site "Szeged"]
[Date "2007.05.13"]
[Round "6"]
[White "Borisek, Jure"]
[Black "Ruck, Robert"]
[Result "1/2-1/2"]
[WhiteElo "2519"]
[BlackElo "2534"]
[PlyCount "20"]
[EventDate "2007.05.08"]
[EventType "team-tourn"]
[EventRounds "9"]
[EventCountry "HUN"]
[Source "ChessBase"]
[SourceDate "2007.07.04"]

1. e4 e5 2. Nf3 Nf6 3. Nxe5 d6 4. Nf3 Nxe4 5. Qe2 Qe7 6. d3 Nf6 7. Bg5 Nbd7 8.
Nc3 Qxe2+ 9. Bxe2 c6 10. O-O-O Be7 1/2-1/2

[Event "Mitropa Cup 26th"]
[Site "Szeged"]
[Date "2007.05.13"]
[Round "6"]
[White "Bosiocic, Marin"]
[Black "Petr, Martin"]
[Result "1/2-1/2"]
[WhiteElo "2484"]
[BlackElo "2443"]
[PlyCount "128"]
[EventDate "2007.05.08"]
[EventType "team-tourn"]
[EventRounds "9"]
[EventCountry "HUN"]
[Source "ChessBase"]
[SourceDate "2007.07.04"]

1. e4 c5 2. Nf3 e6 3. d4 cxd4 4. Nxd4 a6 5. Bd3 Nc6 6. Nxc6 bxc6 7. O-O d5 8.
Nd2 Nf6 9. Re1 Be7 10. Qf3 O-O 11. c3 Qc7 12. Nf1 dxe4 13. Bxe4 Nxe4 14. Qxe4
Rd8 15. Bf4 Qb7 16. b3 c5 17. Qe3 Qc6 18. Qg3 Bb7 19. Ne3 Rd3 20. Rad1 Rad8 21.
Rxd3 Rxd3 22. Rd1 Rxd1+ 23. Nxd1 Bh4 24. Qf3 Qxf3 25. gxf3 Bxf3 26. Nb2 Be4 27.
Na4 Bb1 28. a3 Be7 29. Be3 Bc2 30. Nxc5 Bxc5 31. Bxc5 Bxb3 32. f4 f6 33. Kf2
Kf7 34. Ke3 e5 35. fxe5 fxe5 36. h4 Bd5 37. a4 Kf6 38. Bb6 Kf5 39. Bd8 Kg4 40.
a5 Kf5 41. Be7 g6 42. Bg5 Ke6 43. Bh6 Kf5 44. Bg7 Kg4 45. Bf6 h6 46. Bg7 Kxh4
47. Bxh6 Kg4 48. Bg7 Kf5 49. Bf8 Ke6 50. Bh6 Kd6 51. Bg7 g5 52. Bf6 g4 53. Bh4
Kc5 54. Bg3 e4 55. Kd2 Bc4 56. Bf4 Bd3 57. Bg3 Kb5 58. Bc7 Ka4 59. Ke3 g3 60.
Bxg3 Kxa5 61. Kd2 Ka4 62. c4 Kb3 63. c5 Bb5 64. Bc7 Bc6 1/2-1/2

[Event "Mitropa Cup 26th"]
[Site "Szeged"]
[Date "2007.05.13"]
[Round "6"]
[White "Erdos, Viktor"]
[Black "Skoberne, Jure"]
[Result "1/2-1/2"]
[WhiteElo "2518"]
[BlackElo "2440"]
[PlyCount "109"]
[EventDate "2007.05.08"]
[EventType "team-tourn"]
[EventRounds "9"]
[EventCountry "HUN"]
[Source "ChessBase"]
[SourceDate "2007.07.04"]

1. d4 d5 2. c4 c6 3. Nc3 Nf6 4. Nf3 dxc4 5. a4 Bf5 6. e3 e6 7. Bxc4 Bb4 8. O-O
O-O 9. Qe2 Ne4 10. Bd3 Bxc3 11. bxc3 Nxc3 12. Qc2 Bxd3 13. Qxd3 Nd5 14. Rb1 a5
15. Ba3 Nb4 16. Bxb4 axb4 17. Rxb4 c5 18. Rxb7 cxd4 19. Qxd4 Qxd4 20. Nxd4 Rxa4
21. Rc1 e5 22. Nf3 f6 23. h3 Na6 24. g4 Rf7 25. Rc8+ Rf8 26. Rc6 Rf7 27. Rc8+
Rf8 28. Rc6 Rf7 29. Rbb6 Ra7 30. Kg2 Nc7 31. Rb8+ Kf7 32. Nh4 h5 33. Kg3 hxg4
34. hxg4 R4a6 35. Rc4 g6 36. g5 Ne6 37. gxf6 Kxf6 38. Nf3 Ra4 39. Rc6 R4a6 40.
Rcc8 Ra2 41. Nh2 R2a5 42. Ng4+ Kf7 43. Rc6 Re7 44. Rbb6 Rc5 45. Rd6 Ra5 46.
Rdc6 Nf8 47. Rc8 Kg7 48. Rbb8 Ne6 49. Rg8+ Kf7 50. Rh8 e4 51. Rb6 Kg7 52. Rbb8
Kf7 53. Rhc8 Rg5 54. Rc6 Kg7 55. Rcc8 1/2-1/2

[Event "Mitropa Cup 26th"]
[Site "Szeged"]
[Date "2007.05.13"]
[Round "6"]
[White "Feller, Sebastien"]
[Black "Loetscher, Roland"]
[Result "1-0"]
[WhiteElo "2445"]
[BlackElo "2386"]
[PlyCount "139"]
[EventDate "2007.05.08"]
[EventType "team-tourn"]
[EventRounds "9"]
[EventCountry "HUN"]
[Source "ChessBase"]
[SourceDate "2007.07.04"]

1. e4 c5 2. Nf3 d6 3. d4 cxd4 4. Nxd4 Nf6 5. Nc3 g6 6. Be3 Bg7 7. f3 Nc6 8. Qd2
O-O 9. O-O-O d5 10. Qe1 e5 11. Nxc6 bxc6 12. exd5 Nxd5 13. Bc4 Be6 14. Ne4 Qc7
15. Bc5 Rfd8 16. h4 h6 17. h5 g5 18. g4 Rd7 19. Rh2 Rad8 20. Rhd2 Qa5 21. Rd3
Qc7 22. Ba3 Nf4 23. Rxd7 Rxd7 24. Bxe6 Nxe6 25. Bd6 Qb6 26. Rd3 Qb5 27. Nc3 Qa6
28. Qe4 Nf4 29. Rd1 Nd5 30. Bb4 Bf8 31. Nxd5 Rxd5 32. Bxf8 Rxd1+ 33. Kxd1 Kxf8
34. a4 Qf1+ 35. Kd2 Qf2+ 36. Kd3 Qc5 37. b4 Qd6+ 38. Kc4 a6 39. Qd3 Qe7 40. a5
Kg7 41. Kb3 Qe6+ 42. Kb2 Qf6 43. c3 Qf4 44. Kb3 Kg8 45. Qe4 Qf6 46. Kc2 Qd6 47.
Qd3 Qf6 48. Kd2 Qf4+ 49. Qe3 Qh2+ 50. Kd3 f5 51. gxf5 Qxh5 52. Ke4 Qh2 53. Kd3
Qg3 54. Qe4 Qh3 55. f6 Kf7 56. Qxc6 Qf5+ 57. Kd2 h5 58. Qb7+ Kxf6 59. Qxa6+ Ke7
60. Qb7+ Kd6 61. a6 g4 62. a7 Qf4+ 63. Kc2 Qh2+ 64. Kb3 Qe2 65. Qb6+ Kd7 66.
a8=Q Qd1+ 67. Kc4 Qe2+ 68. Kc5 Qe3+ 69. Kb5 Qd3+ 70. c4 1-0

[Event "Mitropa Cup 26th"]
[Site "Szeged"]
[Date "2007.05.13"]
[Round "6"]
[White "Gaehler, Marco"]
[Black "Le Roux, Jean Pierre"]
[Result "0-1"]
[WhiteElo "2223"]
[BlackElo "2447"]
[PlyCount "86"]
[EventDate "2007.05.08"]
[EventType "team-tourn"]
[EventRounds "9"]
[EventCountry "HUN"]
[Source "ChessBase"]
[SourceDate "2007.07.04"]

1. e4 Nf6 2. e5 Nd5 3. d4 d6 4. Nf3 dxe5 5. Nxe5 c6 6. c4 Nb4 7. a3 Qxd4 8.
axb4 Qxe5+ 9. Be2 Bg4 10. f3 Bf5 11. Nc3 e6 12. c5 Nd7 13. O-O Rd8 14. Qb3 Nf6
15. g3 Bd3 16. Bf4 Qf5 17. Bxd3 Rxd3 18. Qc4 a6 19. g4 Qg6 20. b5 Be7 21. bxc6
bxc6 22. Ne4 Rd8 23. Nd6+ Kf8 24. Rxa6 h5 25. g5 h4 26. Rxc6 Nd5 27. Kh1 h3 28.
Qe4 f5 29. Qe5 Bf6 30. Qxe6 Nxf4 31. Qxf5 Qxf5 32. Nxf5 Bxb2 33. Rb1 Be5 34.
Nd6 Rh5 35. Ne4 Kg8 36. Kg1 Ne2+ 37. Kf2 Nd4 38. Rg6 Kh7 39. Ra6 Rf8 40. Ra3
Bxh2 41. Rh1 Be5 42. Rd3 h2 43. Kg2 Ne6 0-1

[Event "Mitropa Cup 26th"]
[Site "Szeged"]
[Date "2007.05.13"]
[Round "6"]
[White "Hoang, Thanh Trang"]
[Black "Sakelsek, Tadej"]
[Result "1/2-1/2"]
[WhiteElo "2472"]
[BlackElo "2487"]
[PlyCount "107"]
[EventDate "2007.05.08"]
[EventType "team-tourn"]
[EventRounds "9"]
[EventCountry "HUN"]
[Source "ChessBase"]
[SourceDate "2007.07.04"]

1. d4 Nf6 2. c4 e6 3. Nc3 Bb4 4. Qc2 O-O 5. a3 Bxc3+ 6. Qxc3 b6 7. Bg5 Bb7 8.
f3 h6 9. Bh4 d6 10. e3 Nbd7 11. Bd3 Rc8 12. Ne2 c5 13. Qb3 Ba6 14. Qa4 Nb8 15.
dxc5 bxc5 16. O-O Qe8 17. Qc2 Nfd7 18. Bg3 Qe7 19. Rfd1 f5 20. e4 fxe4 21. Bxe4
e5 22. b3 Nc6 23. Bxc6 Rxc6 24. Nc3 Nf6 25. Rd2 Ne8 26. Rad1 Bc8 27. Nd5 Qb7
28. b4 cxb4 29. axb4 Bf5 30. Qa4 Rc8 31. b5 Be6 32. Bf2 Rf7 33. Ra1 Nf6 34.
Nxf6+ gxf6 35. Rxd6 Bxc4 36. Rc1 Rfc7 37. b6 axb6 38. Rxb6 Qd5 39. Rxf6 Rg7 40.
Rd1 Qb7 41. Re1 Rxg2+ 42. Kxg2 Qg7+ 43. Bg3 Qxf6 44. Rxe5 Qc6 45. Qb4 Be6 46.
Qe1 Bd5 47. Qf2 Ra8 48. Qe3 Rf8 49. Bf4 Qg6+ 50. Kf2 Qc2+ 51. Kg3 Qg6+ 52. Kf2
Qc2+ 53. Kg3 Qg6+ 54. Kf2 1/2-1/2

[Event "Mitropa Cup 26th"]
[Site "Szeged"]
[Date "2007.05.13"]
[Round "6"]
[White "Kreisl, Robert"]
[Black "Smolen, Jan"]
[Result "1/2-1/2"]
[WhiteElo "2289"]
[BlackElo "2327"]
[PlyCount "49"]
[EventDate "2007.05.08"]
[EventType "team-tourn"]
[EventRounds "9"]
[EventCountry "HUN"]
[Source "ChessBase"]
[SourceDate "2007.07.04"]

1. e4 c6 2. d4 d5 3. Nc3 dxe4 4. Nxe4 Bf5 5. Ng3 Bg6 6. h4 h6 7. Nf3 Nd7 8. h5
Bh7 9. Bd3 Bxd3 10. Qxd3 e6 11. Bf4 Bb4+ 12. c3 Be7 13. O-O-O Ngf6 14. Kb1 O-O
15. Ne4 a5 16. Ne5 a4 17. Nxf6+ Bxf6 18. Qg3 Kh8 19. Qe3 a3 20. b3 Nb6 21. c4
Qe7 22. Rh3 Rad8 23. Rc1 c5 24. dxc5 Nd7 25. Nxd7 1/2-1/2

[Event "Mitropa Cup 26th"]
[Site "Szeged"]
[Date "2007.05.13"]
[Round "6"]
[White "Kurmann, Oliver"]
[Black "Marzolo, Cyril"]
[Result "0-1"]
[WhiteElo "2433"]
[BlackElo "2459"]
[PlyCount "86"]
[EventDate "2007.05.08"]
[EventType "team-tourn"]
[EventRounds "9"]
[EventCountry "HUN"]
[Source "ChessBase"]
[SourceDate "2007.07.04"]

1. e4 e5 2. Nf3 Nc6 3. Bc4 Nf6 4. d3 Be7 5. Bb3 O-O 6. O-O d5 7. exd5 Nxd5 8.
h3 a5 9. a3 a4 10. Ba2 Kh8 11. Re1 f6 12. Nbd2 Bf5 13. Ne4 Qd7 14. Qe2 Be6 15.
c4 Nf4 16. Bxf4 exf4 17. Nc3 Bf7 18. d4 Rfe8 19. d5 Nd8 20. Qd2 g5 21. Qd4 c5
22. dxc6 Qxd4 23. Nxd4 Nxc6 24. Nxc6 bxc6 25. Rad1 Bf8 26. Rxe8 Bxe8 27. Nxa4
Bh5 28. Nb6 Rb8 29. Rd7 Rxb6 30. b4 Bg6 31. Ra7 Rb8 32. Bb3 Bd6 33. Bd1 Re8 34.
Bf3 Re1+ 35. Kh2 Be5 36. Rd7 Ra1 37. Bxc6 Rxa3 38. c5 Rd3 39. Bd5 f3+ 40. g3
Rd2 41. c6 Rxf2+ 42. Kg1 Rg2+ 43. Kh1 Rxg3 0-1

[Event "Mitropa Cup 26th"]
[Site "Szeged"]
[Date "2007.05.13"]
[Round "6"]
[White "Michalik, Peter"]
[Black "Diermair, Andreas"]
[Result "1-0"]
[WhiteElo "2311"]
[BlackElo "2385"]
[PlyCount "87"]
[EventDate "2007.05.08"]
[EventType "team-tourn"]
[EventRounds "9"]
[EventCountry "HUN"]
[Source "ChessBase"]
[SourceDate "2007.07.04"]

1. Nf3 Nf6 2. g3 d5 3. Bg2 e6 4. O-O Be7 5. b3 c5 6. Bb2 Nc6 7. e3 O-O 8. d4 b6
9. Qe2 Bb7 10. Rd1 Qc7 11. Nbd2 cxd4 12. exd4 Rac8 13. a3 Rfd8 14. Rac1 Qb8 15.
b4 a6 16. Ne5 a5 17. b5 Nxe5 18. dxe5 Nd7 19. c4 Nc5 20. cxd5 Bxd5 21. Bxd5
Rxd5 22. Nc4 Nb3 23. Rb1 Rcd8 24. Rxd5 Rxd5 25. Rd1 Qd8 26. Rxd5 exd5 27. Ne3
d4 28. Nf5 d3 29. Nxe7+ Kf8 30. Qd1 Kxe7 31. Qxb3 d2 32. Qd1 Qd3 33. a4 h5 34.
h4 Ke6 35. Kh2 g6 36. Kg1 Kf5 37. e6 Kxe6 38. Bg7 g5 39. hxg5 Kf5 40. Kh2 Kxg5
41. Be5 h4 42. Bf4+ Kf5 43. Qxd2 hxg3+ 44. fxg3 1-0

[Event "Mitropa Cup 26th"]
[Site "Szeged"]
[Date "2007.05.13"]
[Round "6"]
[White "Saric, Ante"]
[Black "Bernasek, Jan"]
[Result "1-0"]
[WhiteElo "2496"]
[BlackElo "2509"]
[PlyCount "65"]
[EventDate "2007.05.08"]
[EventType "team-tourn"]
[EventRounds "9"]
[EventCountry "HUN"]
[Source "ChessBase"]
[SourceDate "2007.07.04"]

1. d4 Nf6 2. c4 e6 3. Nf3 d5 4. g3 Bb4+ 5. Bd2 a5 6. Qc2 c5 7. cxd5 cxd4 8. Bg2
O-O 9. Nxd4 Qb6 10. e3 exd5 11. O-O Nc6 12. Bc3 Bxc3 13. bxc3 Bg4 14. Qb3 Qxb3
15. axb3 Rfc8 16. Nxc6 Rxc6 17. c4 Rc5 18. Nd2 dxc4 19. Nxc4 Be6 20. Bxb7 Ra7
21. Bg2 a4 22. Rfd1 g6 23. Bf1 Rcc7 24. Rxa4 Rxa4 25. bxa4 Rxc4 26. Bxc4 Bxc4
27. a5 Kf8 28. a6 Be2 29. a7 Bxd1 30. a8=Q+ Kg7 31. Qa1 Bf3 32. Qe5 h6 33. h4
1-0